[Event "Clichy intern op 0304"]
[Site "Clichy"]
[Date "2003.11.13"]
[Round "2"]
[White "Lautier, Eric"]
[Black "Barthel, Jean Philippe"]
[Result "0-1"]
[WhiteElo "1499"]
[BlackElo "1499"]
[PlyCount "57"]
[EventDate "2003.10.16"]
[EventType "swiss"]
[EventRounds "6"]
[EventCountry "FRA"]
[SourceTitle "EXT 2008"]
[Source "ChessBase"]
[SourceDate "2007.11.25"]
[SourceVersion "1"]
[SourceVersionDate "2007.11.25"]
[SourceQuality "1"]

1. e4 c6 2. d4 d5 3. Nc3 dxe4 4. Nxe4 Bf5 5. Nc3 Nd7 6. Bc4 Ngf6 7. Nf3 e6 8. Bf4 Be7 9. 0-0 0-0 10. Re1 Bg4 11. h3 Bh5 12. Qe2 Re8 13. Bd3 Nb6 14. g4 Bg6 15. Bxg6 hxg6 16. Rad1 Nfd5 17. Nxd5 Nxd5 18. Bc1 Qc7 19. Ne5 Rad8 20. Qf3 Bd6 21. a3 Bxe5 22. dxe5 Nb6 23. Bg5 Rd5 24. Bf4 Red8 25. b3 Qd7 26. Bg5 Rxd1 27. Kf1 Rxe1+ 28. Kxe1 Qd5 29. Qf4 0-1